Statistiques concernant Littérature française -

Cliquez ici pour prendre le quiz!

Statistiques générales

  • Ce quiz a été pris 444 fois
  • Le résultat moyen est 20 sur 35

Statistiques - réponses

TitleAnswer% Correct
GerminalZola
95%
CandideVoltaire
95%
L'ÉtrangerCamus
93%
Notre Dame de ParisHugo
93%
Le Rouge et le noirStendhal
93%
Madame BovaryFlaubert
91%
Bel amiMaupassant
89%
Le Père GoriotBalzac
83%
L'Écume des joursVian
80%
Voyage au bout de la nuitCeline
79%
Du Côté de chez SwannProust
78%
GargantuaRabelais
77%
Le Comte de MontécristoDumas
76%
La NauséeSartre
69%
Jacques le fatalisteDiderot
64%
Bonjour tristesseSagan
63%
Lettres de mon moulinDaudet
61%
Cyrano de BergeracRostand
60%
Les Liaisons dangereusesLaclos
58%
L'amantDuras
57%
Les ConfessionsRousseau
56%
La Princesse de ClèvesLa Fayette
55%
Les Faux MonnayeursGide
55%
la condition humaineMalraux
52%
Mémoires d'HadrienYourcenar
41%
La Petite FadetteSand
40%
Zazie dans le métroQueneau
37%
La vie devant soiAjar
28%
ChériColette
27%
Manon LescautPrévost
26%
Journal d'une femme de chambreMirbeau
11%
Tristan et IseutBeroul
10%
Éducation européenneGary
7%
L'Enfant chargé de chaînesMauriac
4%
Les EygletièreTroyat
3%

Distribution des résultats

Percentile par nombre de réponses

% des personnes avec chaque résultat

Votre développement - résultats

Vous n’avez pas pris ce quiz